[Event "Reykjavik it"]
[Site "Reykjavik ISL"]
[Date "1987.02.25"]
[Round "6"]
[White "Olafsson, Helgi"]
[Black "Agdestein, Simen"]
[Result "0-1"]
[WhiteElo "2550"]
[BlackElo "2560"]
[EventDate "1987.02.19"]
[PlyCount "56"]

1.d4 e6 2.c4 f5 3.g3 Nf6 4.Bg2 c6 5.Nf3 d5 6.O-O Bd6 7.b3 Qe7 8.Bb2 b6 9.
Qc1 O-O 10.Ba3 Bb7 11.Bxd6 Qxd6 12.Qa3 c5 13.dxc5 bxc5 14.Nc3 Nbd7 15.Rfd1
f4 16.Rac1 a6 17.Bh3 Rae8 18.Rc2 h6 19.Na4 Ne4 20.cxd5 exd5 21.Bxd7 Qxd7 
22.Nxc5 Nxc5 23.Rxc5 Rxe2 24.Nd4 fxg3 25.fxg3 Qf7 26.Nxe2 Qf2+ 27.Kh1 d4+ 
28.Rd5 Bxd5# 0-1

[Event "Reykjavik it"]
[Site "Reykjavik ISL"]
[Date "1987.03.02"]
[Round "10"]
[White "Timman, Jan"]
[Black "Polugaevsky, Lev"]
[Result "1/2-1/2"]
[WhiteElo "2590"]
[BlackElo "2585"]
[EventDate "1987.02.19"]
[PlyCount "82"]

1.d4 Nf6 2.c4 e6 3.Nf3 b6 4.a3 Ba6 5.Qc2 Bb7 6.Nc3 c5 7.e4 cxd4 8.Nxd4 Bc5
9.Nf3 Nc6 10.Bf4 Nh5 11.Bd2 a6 12.b4 Bd6 13.g3 Nf6 14.Be2 Rc8 15.O-O Ne5 
16.Nxe5 Bxe5 17.Bd3 O-O 18.Rfe1 b5 19.cxb5 axb5 20.Qb3 Ng4 21.Rac1 Bd4 22.
Rf1 Qb6 23.Nd1 Ne5 24.Rxc8 Rxc8 25.Bf4 d5 26.Bxe5 Bxe5 27.Qb1 g6 28.Re1 
Bd4 29.exd5 Bxd5 30.Be4 Qc6 31.Bxd5 Qxd5 32.Ne3 Qc6 33.Qd3 Qc3 34.Qe2 Kg7 
35.Ng4 h5 36.Ne5 Qxa3 37.Nxf7 Rf8 38.Rd1 Qa7 39.Rxd4 Qxd4 40.Ng5 Rf6 41.
Nxe6+ Rxe6 1/2-1/2